| 000 -LEADER |
| fixed length control field |
03791cam a2200421Ia 4500 |
| 001 - CONTROL NUMBER |
| control field |
11496725 |
| 003 - CONTROL NUMBER IDENTIFIER |
| control field |
USPCAS-E |
| 005 - DATE AND TIME OF LATEST TRANSACTION |
| control field |
20180118181413.0 |
| 006 - FIXED-LENGTH DATA ELEMENTS--ADDITIONAL MATERIAL CHARACTERISTICS |
| fixed length control field |
m o d |
| 007 - PHYSICAL DESCRIPTION FIXED FIELD--GENERAL INFORMATION |
| fixed length control field |
cr cn||||||||| |
| 008 - FIXED-LENGTH DATA ELEMENTS--GENERAL INFORMATION |
| fixed length control field |
111205s2012 enk o 001 0 eng d |
| 020 ## - INTERNATIONAL STANDARD BOOK NUMBER |
| International Standard Book Number |
9780123859365 |
| 020 ## - INTERNATIONAL STANDARD BOOK NUMBER |
| International Standard Book Number |
0123859360 |
| 020 ## - INTERNATIONAL STANDARD BOOK NUMBER |
| International Standard Book Number |
9780123859372 |
| 020 ## - INTERNATIONAL STANDARD BOOK NUMBER |
| International Standard Book Number |
0123859379 |
| 024 8# - OTHER STANDARD IDENTIFIER |
| Standard number or code |
9786613347886 |
| 035 ## - SYSTEM CONTROL NUMBER |
| System control number |
(OCoLC)ocn767518886 |
| 035 ## - SYSTEM CONTROL NUMBER |
| System control number |
(OCoLC)767518886 |
| 035 ## - SYSTEM CONTROL NUMBER |
| System control number |
(NNC)11496725 |
| 040 ## - CATALOGING SOURCE |
| Original cataloging agency |
OPELS |
| Language of cataloging |
eng |
| Description conventions |
pn |
| Transcribing agency |
OPELS |
| Modifying agency |
CDX |
| -- |
COO |
| -- |
E7B |
| -- |
TEF |
| -- |
CUS |
| -- |
DEBSZ |
| -- |
OCLCQ |
| -- |
VLB |
| -- |
ZCU |
| -- |
OCLCQ |
| 050 #4 - LIBRARY OF CONGRESS CALL NUMBER |
| Classification number |
TK1541 |
| Item number |
.T46 2012eb |
| 082 04 - DEWEY DECIMAL CLASSIFICATION NUMBER |
| Classification number |
621.312136 |
| Edition number |
23 |
| Author Mark |
THO-O 2012 |
| 100 1# - MAIN ENTRY--PERSONAL NAME |
| Personal name |
Thomsen, Kurt E. |
| 245 10 - TITLE STATEMENT |
| Title |
Offshore wind |
| Medium |
[electronic resource] : |
| Remainder of title |
a comprehensive guide to successful offshore wind farm installation. |
| 260 ## - PUBLICATION, DISTRIBUTION, ETC. |
| Place of publication, distribution, etc. |
Oxford : |
| Name of publisher, distributor, etc. |
Elsevier, |
| Date of publication, distribution, etc. |
©2012. |
| 300 ## - PHYSICAL DESCRIPTION |
| Extent |
1 online resource (xxi, 324 pages) |
| 500 ## - GENERAL NOTE |
| General note |
Includes index. |
| 502 ## - DISSERTATION NOTE |
| Dissertation note |
0 |
| 505 0# - FORMATTED CONTENTS NOTE |
| Formatted contents note |
1. What Is an Offshore Wind Farm? -- 2. Obtaining Permits for Wind Farms -- 3. Project Planning -- 4. The Basic Organization -- 5. Project Preparation -- 6. Project Execution -- 7. Interface Management -- 8. Health, Safety, and Environmental Management -- 9. Work Vessel Coordination -- 10. Logistics Solutions -- 11. Commonly Used Installation Methods -- 12. Vessels and Transport to the Offshore Installations -- 13. Basic Information about Ports -- 14. Project Criteria -- 15. Transporting Wind Turbines -- 16. Deployment Strategies -- 17. Repairing Offshore Wind Farms -- 18. Environmental and Other Issues. |
| 520 ## - SUMMARY, ETC. |
| Summary, etc. |
Offshore wind is the new blue horizon for Alternative Energy. One small offshore wind farm can produce more power than a whole coal plant, or a nuclear reactor. However, very few people have real experience getting an offshore wind farm up and running. This book is the first-ever roadmap to successful offshore wind installation. It provides a ready reference for wind project managers, teaching them how to deal with complications on-site, as well as for financers, who can utilize the text as an easy guide to asking the pivotal questions of petitioning wind project developers, whose planning stages will be improved by the book's expert advice on how to avoid wasting money by scoping out and mitigating potential problems up-front. Wind turbine manufacturers will benefit from insights into design optimization to support cheaper installation and hauling, thereby incurring lower project costs, and helping developers establish a quicker route to profitability. The book sheds light not just on HOW to solve a particul installation difficulty, but delves into WHY the problem may best be solved in that way. Readers will learn not just how to build successful offshore wind farms, but how to do so in the most safe and economical way possible. Enables all stakeholders to achieve cheaper, faster and safer offshore wind project realization Explains the different approaches to executing on- and offshore projects, highlighting the economic impacts of the various financial and operational choices Provides practical, proven advice on how tough challenges can be overcome, using real-life examples from the author's experiences to illustrate key issues. |
| 650 #0 - SUBJECT ADDED ENTRY--TOPICAL TERM |
| Topical term or geographic name entry element |
Offshore wind power plants. |
| 655 #4 - INDEX TERM--GENRE/FORM |
| Genre/form data or focus term |
Electronic books. |
| 776 08 - ADDITIONAL PHYSICAL FORM ENTRY |
| Relationship information |
Print version: |
| Main entry heading |
Thomsen, Kurt E. |
| Title |
Offshore wind. |
| Place, publisher, and date of publication |
Waltham. MA : Elsevier/Academic Press, ©2012 |
| International Standard Book Number |
9780123859365 |
| Record control number |
(DLC) 2012359362 |
| -- |
(OCoLC)731925454 |
| 856 40 - ELECTRONIC LOCATION AND ACCESS |
| Uniform Resource Identifier |
<a href="http://www.columbia.edu/cgi-bin/cul/resolve?clio11496725.001">http://www.columbia.edu/cgi-bin/cul/resolve?clio11496725.001</a> |
| Public note |
ACADEMIC - Sustainable Energy & Development |
| 856 40 - ELECTRONIC LOCATION AND ACCESS |
| Uniform Resource Identifier |
<a href="http://www.columbia.edu/cgi-bin/cul/resolve?clio11496725.002">http://www.columbia.edu/cgi-bin/cul/resolve?clio11496725.002</a> |
| Public note |
ACADEMIC - Electrical & Power Engineering |
| 942 ## - ADDED ENTRY ELEMENTS (KOHA) |
| Source of classification or shelving scheme |
|
| Koha item type |
Book |